|
|
|
|
| LEADER |
00000nab a2200000 a 4500 |
| 001 |
vtls000697803 |
| 003 |
SK-MaSNL |
| 005 |
20260304205102.0 |
| 008 |
140303c1999 xo 0 slo |
| 015 |
|
|
|a SNBRB1999/06-15696
|
| 035 |
|
|
|a CLN000049970
|
| 040 |
|
|
|a SNKBUCL
|b slo
|c SNKBUCL
|e AACR2
|
| 041 |
0 |
|
|a slo
|
| 044 |
|
|
|a xo
|c SK
|
| 080 |
|
|
|a 616.611:616.379-008.6:615.22
|2 1997
|
| 080 |
|
|
|a 616.379-008.64
|2 1997
|
| 080 |
|
|
|a 615.22
|2 1997
|
| 100 |
1 |
|
|a Sedlák, Tibor
|4 aut
|9 11361
|
| 245 |
1 |
0 |
|a Proteinúria - faktor progresie nefropatie a možnosť jej ovplyvnenia s ACE-I
|c T. Sedlák
|
| 650 |
0 |
7 |
|a proteinúria
|2 snkbucl
|9 16777
|
| 650 |
0 |
7 |
|a diabetická nefropatia
|2 snkbucl
|9 65928
|
| 650 |
0 |
7 |
|a dietoterapia
|2 snkbucl
|a Diabetes mellitus
|9 844265
|
| 650 |
0 |
7 |
|a inhibítory angiotenzín konvertujúceho enzýmu
|2 snkbucl
|9 239013
|
| 655 |
|
7 |
|a články z novín a časopisov
|2 snkbucl
|9 267496
|
| 773 |
0 |
|
|t Zdravotnícke noviny
|g Roč. 4, č. 21 (1999)
|
| 773 |
0 |
|
|t [Príl.] IX. diabetologické dni
|g s. 8
|
| 850 |
|
|
|a Slovenská národná knižnica v Martine
|
| 852 |
|
|
|a SNK
|b KIS3GCP
|
| 992 |
|
|
|a RBX
|
| 999 |
|
|
|c 3119205
|d 3121135
|